000 00425nam a22001697a 4500
003 OSt
005 20250908141124.0
007 649 pages
008 250908b |||||||| |||| 00| 0 eng d
020 _a9788126551262
040 _c
082 _27
_a657
_bKIM
245 _aFinancial Accounting
_bTools for Business Decision making
_cKimmel,Paul D
250 _a7
260 _bWiley
_c2013
942 _2ddc
_cBK
_e7
_k657
_mKIM
_n0
999 _c36243
_d36243